00955nam a2200205 a 450000100100000000500170001000800410002704000250006808200190009310000280011224501130014026000330025330000280028650001190031470000350043370000240046895201170049295201230060999900170073200004433520201002045312.0140617s199? dr a 000 0 spa d aDO-SdBNPbspacBNPHU axxxxxxbxxxxxx1 aRosa, Alma de la97234310aCurso de física básica conceptos y aplicaciones /cAlma de la Rosa, Clara Elena Florezán, Ondina Moya. aSanto Domingo :bUASD,c199? a211 p. :bil. ;c27 cm. aPara uso de los estudiantes de física básica, del ciclo básico de la Universidad Autónoma de Santo Domingo1 aFlorezán, Clara Elena9723441 aMoya, Ondina972345 0010718PDaPDbPDcHDd2014-06-17iLF1l0oxxxxxx xxxxxxp44335-10r2020-06-25w2020-06-25yLFPDZNo se presta 0011718PDaPDbPDcMId2014-06-17iLF1l0oxxxxxx xxxxxxp44335-20r2020-06-25te. 2w2020-06-25yLFPDZNo se presta c43824d43824